THE TURNING POINT (Record no. 57305)

MARC details
000 -LEADER
fixed length control field 00396nam a2200169Ia 4500
008 - FIXED-LENGTH DATA ELEMENTS--GENERAL INFORMATION
fixed length control field 090123s9999 xx 000 0 und d
082 ## - DEWEY DECIMAL CLASSIFICATION NUMBER
Item number 19239
100 ## - MAIN ENTRY--PERSONAL NAME
Personal name FRITJOF CAPRA
245 ## - TITLE STATEMENT
Title THE TURNING POINT
250 ## - EDITION STATEMENT
Edition statement 0
260 ## - PUBLICATION, DISTRIBUTION, ETC. (IMPRINT)
Name of publisher, distributor, etc FANTANA PAPERBACKS
600 ## - SUBJECT ADDED ENTRY--PERSONAL NAME
Personal name FRITJOF CAPRA
630 ## - SUBJECT ADDED ENTRY--UNIFORM TITLE
Uniform title THE TURNING POINT
700 ## - ADDED ENTRY--PERSONAL NAME
Personal name FRITJOF CAPRA
730 ## - ADDED ENTRY--UNIFORM TITLE
Uniform title THE TURNING POINT
942 ## - ADDED ENTRY ELEMENTS (KOHA)
Koha item type Book
Holdings
Withdrawn status Lost status Damaged status Not for loan Home library Current library Date acquired Cost, normal purchase price Total Checkouts Full call number Barcode Date last seen Cost, replacement price Price effective from Koha item type
      Added to bundle Jawahar Wachalanalaya, Kalwa Jawahar Wachalanalaya, Kalwa 03/31/2002 116.00   19239 KLW-19239 01/23/2009 116.00 01/23/2009 Book